Complete the Titles of Songs by Queen (1970s) - Statistics

General Stats
  • This quiz has been taken 242 times
  • The average score is 13 of 15
Answer Stats
Answer % Correct
Bohemian {Rhapsody}
99%
Don’t Stop Me {Now}
99%
Somebody To {Love}
99%
We Will Rock {You}
99%
Crazy Little Thing Called {Love}
98%
We Are The {Champions}
97%
Killer {Queen}
96%
You’re My Best {Friend}
95%
Fat Bottomed {Girls}
93%
Tie Your Mother{Down}
84%
Good Old Fashioned Lover {Boy}
81%
Spread Your {Wings}
81%
Bicycle {Race}
78%
Seven Seas of {Rhye }
66%
Now I’m {Here}
62%
No matching quizzes found
Score Distribution
Percent of People with Each Score
Percentile by Number Answered
Your Score History
You have not taken this quiz